000 00401pam a2200157 a 4500
020 _a007023454X :
040 _cDLC
082 0 0 _a701 MCG 1992 A085 Or.
100 1 _aGilbert, Rita,
245 1 0 _aLiving with art /
250 _a3rd ed.
260 _aNew York :
_bMcGraw-Hill,
_cc1992.
300 _axv, 527 p. :
_bill. (some col.), col. maps ;
_c28 cm.
650 0 _aArt appreciation.
942 _cEK
999 _c12082
_d12082